| 000 | 00388nam a22001697a 4500 | ||
|---|---|---|---|
| 999 |
_c11625 _d11625 |
||
| 003 | OSt | ||
| 008 | 221231b ||||| |||| 00| 0 eng d | ||
| 020 | _a9789354247170 | ||
| 082 | _a337 SHI | ||
| 100 | _aSALVATORE,Dominick | ||
| 245 | _aInternational Economics | ||
| 250 | _aEd.13th | ||
| 260 |
_aNew Delhi _bWiley _c2022 |
||
| 300 | _aMISC | ||
| 650 | _aEconomics | ||
| 942 |
_2ddc _cREF |
||